[Event "HUN-chT2 Maroczy 1718"]
[Site "Hungary"]
[Date "2018.03.25"]
[Round "8.12"]
[White "Simon, Lili"]
[Black "Fekete, Agnes"]
[Result "1/2-1/2"]
[WhiteElo "2068"]
[BlackElo "1878"]
[PlyCount "84"]
[EventDate "2017.10.29"]
[EventType "team-tourn"]
[EventRounds "9"]
[EventCountry "HUN"]
[SourceTitle "EXT 2021"]
[Source "ChessBase"]
[SourceDate "2020.10.23"]
[SourceVersion "1"]
[SourceVersionDate "2020.10.23"]
[SourceQuality "1"]
[WhiteTeam "Dunaharaszti II"]
[BlackTeam "Kisujszallas"]
[WhiteTeamCountry "HUN"]
[BlackTeamCountry "HUN"]

1. d4 Nf6 2. c4 g6 3. Nf3 Bg7 4. g3 0-0 5. Bg2 d6 6. Nc3 Nc6 7. 0-0 e5 8. d5 Ne7 9. e4 Ne8 10. Bg5 h6 11. Be3 f5 12. Qd2 Kh7 13. Ne1 Nf6 14. f3 Nh5 15. Nd3 Rf7 16. c5 a6 17. cxd6 cxd6 18. Na4 Qf8 19. Nb6 Rb8 20. Nxc8 Qxc8 21. Rac1 Qd7 22. Rc2 fxe4 23. fxe4 Rxf1+ 24. Bxf1 Nf6 25. Nf2 Rc8 26. Bh3 Rxc2 27. Qxc2 Qd8 28. Qb3 Qa5 29. Kg2 Qe1 30. Qc3 Qe2 31. Qd2 Qc4 32. b3 Qb5 33. Qc2 Qb4 34. a4 Qe1 35. Qd2 Qb1 36. Qb4 Neg8 37. Be6 Qb2 38. a5 Qe2 39. Qd2 Qb5 40. Qc3 Qe2 41. Qd2 Qb5 42. Qc3 Qe2 1/2-1/2

[Event "HUN-chT U18"]
[Site "Hajduboszormeny"]
[Date "2016.11.06"]
[Round "8.44"]
[White "Szilagyi, Norbert"]
[Black "Simon, Lili"]
[Result "1/2-1/2"]
[WhiteElo "1827"]
[BlackElo "1992"]
[PlyCount "24"]
[EventDate "2016.11.02"]
[EventType "team-swiss"]
[EventRounds "8"]
[EventCountry "HUN"]
[SourceTitle "CBM 175 Extra"]
[Source "ChessBase"]
[SourceDate "2016.12.12"]
[SourceVersion "1"]
[SourceVersionDate "2016.12.12"]
[SourceQuality "1"]

1. e4 e5 2. Nc3 Nc6 3. f4 exf4 4. Nf3 Be7 5. Bc4 d6 6. 0-0 Bg4 7. d4 Nf6 8. Bxf4 0-0 9. Qd2 Nxe4 10. Bxf7+ Rxf7 11. Nxe4 Bxf3 12. Rxf3 Qd7 1/2-1/2

[Event "HUN-chT U18"]
[Site "Hajduboszormeny"]
[Date "2016.11.04"]
[Round "5.56"]
[White "Simon, Lili"]
[Black "Ocztos, Dominik"]
[Result "1-0"]
[WhiteElo "1992"]
[BlackElo "1834"]
[PlyCount "53"]
[EventDate "2016.11.02"]
[EventType "team-swiss"]
[EventRounds "8"]
[EventCountry "HUN"]
[SourceTitle "CBM 175 Extra"]
[Source "ChessBase"]
[SourceDate "2016.12.12"]
[SourceVersion "1"]
[SourceVersionDate "2016.12.12"]
[SourceQuality "1"]

1. c4 e5 2. g3 Nf6 3. Bg2 d5 4. cxd5 Nxd5 5. Nc3 Nb6 6. Nf3 Nc6 7. 0-0 Be7 8. a3 a5 9. d3 0-0 10. Be3 Be6 11. Ne4 Nd5 12. Bc5 h6 13. Rc1 f5 14. Bxe7 Qxe7 15. Nc5 f4 16. Nxe6 Qxe6 17. Qb3 Nce7 18. Nd2 fxg3 19. hxg3 c6 20. Ne4 Nf4 21. Qxe6+ Nxe6 22. Nc5 Nd4 23. Rfe1 b5 24. Nd7 Rf5 25. e3 Rd8 26. exd4 Rxd7 27. Bh3 1-0

[Event "HUN-ch U16"]
[Site "Balatonlelle"]
[Date "2016.06.25"]
[Round "2"]
[White "Simon, Lili"]
[Black "Miszler, Levente"]
[Result "1/2-1/2"]
[WhiteElo "2052"]
[BlackElo "1918"]
[PlyCount "70"]
[EventDate "2016.06.24"]
[EventType "swiss"]
[EventRounds "9"]
[EventCountry "HUN"]
[SourceTitle "CBM 173 Extra"]
[Source "ChessBase"]
[SourceDate "2016.08.29"]
[SourceVersion "1"]
[SourceVersionDate "2016.08.29"]
[SourceQuality "1"]

1. c4 Nf6 2. g3 g6 3. Bg2 Bg7 4. Nc3 d6 5. e4 0-0 6. Nge2 Nbd7 7. 0-0 e5 8. d3 Nh5 9. f4 f5 10. Rb1 Nb6 11. Be3 Qe7 12. Qd2 fxe4 13. Nxe4 Nf6 14. N2c3 Ng4 15. fxe5 Bxe5 16. Rxf8+ Qxf8 17. Rf1 Bf5 18. Bxb6 axb6 19. d4 Bg7 20. Ng5 c6 21. h3 Nf6 22. g4 Bd7 23. d5 c5 24. Ne6 Qe7 25. Re1 Re8 26. Re2 Qf7 27. Rf2 Bxe6 28. dxe6 Qxe6 29. g5 Qe1+ 30. Qxe1 Rxe1+ 31. Kh2 Nh5 32. Bd5+ Kh8 33. Rf7 Be5+ 34. Kg2 Nf4+ 35. Kf2 Nd3+ 1/2-1/2

[Event "Heviz op 12th"]
[Site "Heviz"]
[Date "2016.04.10"]
[Round "5"]
[White "Simon, Lili"]
[Black "Nagy, Gabor"]
[Result "0-1"]
[WhiteElo "2065"]
[BlackElo "2438"]
[PlyCount "88"]
[EventDate "2016.04.06"]
[EventType "swiss"]
[EventRounds "9"]
[EventCountry "HUN"]
[SourceTitle "CBM 171 Extra"]
[Source "ChessBase"]
[SourceDate "2016.04.26"]
[SourceVersion "1"]
[SourceVersionDate "2016.04.26"]
[SourceQuality "1"]

1. Nf3 c5 2. c4 Nf6 3. g3 b6 4. Bg2 Bb7 5. Nc3 g6 6. 0-0 Bg7 7. d4 cxd4 8. Nxd4 Bxg2 9. Kxg2 Qc8 10. b3 Qb7+ 11. f3 0-0 12. e4 d6 13. Be3 Nbd7 14. Rc1 Rfe8 15. Nd5 a6 16. Qd2 b5 17. Nxf6+ Bxf6 18. cxb5 axb5 19. Rc2 Nc5 20. Rfc1 Ra3 21. Ne2 Rea8 22. Bxc5 dxc5 23. Rxc5 Rxa2 24. R1c2 Rxc2 25. Qxc2 Rd8 26. e5 Bg5 27. Rc7 Qd5 28. Rc8 Rxc8 29. Qxc8+ Kg7 30. Qc3 e6 31. h4 Be7 32. Nf4 Qd7 33. Nd3 Qa7 34. Nf2 Qa2 35. Qd3 Bc5 36. Qf1 Qd2 37. g4 Bd4 38. Kg1 b4 39. Kg2 Bxe5 40. Qd3 Qb2 41. Kg1 Bg3 42. Nd1 Qe5 43. Qe3 Qxe3+ 44. Nxe3 Bxh4 0-1

[Event "Budapest Spring op"]
[Site "Budapest"]
[Date "2016.03.21"]
[Round "3"]
[White "Koczo, Kristof"]
[Black "Simon, Lili"]
[Result "1/2-1/2"]
[WhiteElo "2211"]
[BlackElo "2033"]
[PlyCount "82"]
[EventDate "2016.03.18"]
[EventType "swiss"]
[EventRounds "9"]
[EventCountry "HUN"]
[SourceTitle "CBM 171 Extra"]
[Source "ChessBase"]
[SourceDate "2016.04.26"]
[SourceVersion "1"]
[SourceVersionDate "2016.04.26"]
[SourceQuality "1"]

1. d4 d5 2. c4 dxc4 3. Nf3 Nf6 4. Nc3 a6 5. e4 b5 6. e5 Nd5 7. a4 e6 8. axb5 Nb6 9. Be2 Be7 10. 0-0 0-0 11. Be3 Qd7 12. bxa6 Rxa6 13. Rxa6 Bxa6 14. Qa1 Bb4 15. Nd2 Nd5 16. Bxc4 Bxc4 17. Nxc4 Bxc3 18. bxc3 Qc6 19. Na5 Qxc3 20. Qxc3 Nxc3 21. Ra1 Nd7 22. Nc6 Nb6 23. Bd2 Ncd5 24. Kf1 Ra8 25. Rxa8+ Nxa8 26. Ke2 Kf8 27. Kd3 Nab6 28. Nb4 Nxb4+ 29. Bxb4+ Ke8 30. g3 Kd7 31. Bf8 g6 32. Ke4 Kc6 33. Be7 Nd5 34. Bc5 Nc3+ 35. Kd3 Na4 36. Ba3 Kd5 37. f3 c5 38. dxc5 Nxc5+ 39. Ke3 Nd7 40. f4 Nb6 41. Kd3 Nc4 1/2-1/2

[Event "HUN-chT 1516"]
[Site "Hungary"]
[Date "2015.11.29"]
[Round "3.12"]
[White "Juhasz, Barbara"]
[Black "Simon, Lili"]
[Result "1/2-1/2"]
[WhiteElo "2185"]
[BlackElo "2039"]
[PlyCount "47"]
[EventDate "2015.11.07"]
[EventType "team-tourn"]
[EventRounds "11"]
[EventCountry "HUN"]
[SourceTitle "CBM 169 Extra"]
[Source "ChessBase"]
[SourceDate "2015.12.18"]
[SourceVersion "1"]
[SourceVersionDate "2015.12.18"]
[SourceQuality "1"]
[WhiteTeam "Mako"]
[BlackTeam "Dunaharaszti"]
[WhiteTeamCountry "HUN"]
[BlackTeamCountry "HUN"]

1. e4 e5 2. Nf3 Nc6 3. Nc3 Nf6 4. d4 exd4 5. Nd5 Be7 6. Bc4 d6 7. Nxd4 Nxd4 8. Qxd4 0-0 9. 0-0 Nxd5 10. Bxd5 Bf6 11. Qd3 c6 12. Bb3 Be6 13. c3 Qe7 14. Be3 Rfe8 15. Rfd1 Bxb3 16. axb3 Qxe4 17. Qxe4 Rxe4 18. Rxd6 a6 19. Rad1 Rae8 20. h3 h6 21. Rd7 R8e7 22. Bc5 Re1+ 23. Rxe1 Rxd7 24. Kf1 1/2-1/2

[Event "HUN-chT U18"]
[Site "Budapest"]
[Date "2015.08.28"]
[Round "5.44"]
[White "Simon, Lili"]
[Black "Gombocz, Zsofia"]
[Result "1/2-1/2"]
[WhiteElo "2077"]
[BlackElo "1762"]
[PlyCount "57"]
[EventDate "2015.08.26"]
[EventType "team-swiss"]
[EventRounds "8"]
[EventCountry "HUN"]
[SourceTitle "EXT 2016"]
[Source "ChessBase"]
[SourceDate "2015.10.08"]
[SourceVersion "1"]
[SourceVersionDate "2015.10.08"]
[SourceQuality "1"]

1. Nf3 d5 2. g3 c5 3. Bg2 Nf6 4. 0-0 e6 5. c4 Be7 6. cxd5 exd5 7. d4 c4 8. Nc3 0-0 9. Ne5 Be6 10. Qc2 Nbd7 11. Rd1 a6 12. Bf4 Nb6 13. b3 Rc8 14. Rab1 cxb3 15. Qxb3 Nc4 16. Nxc4 Rxc4 17. Rbc1 b5 18. a3 Qa5 19. Nb1 Rfc8 20. Bd2 Qb6 21. e3 Bf5 22. Rxc4 Rxc4 23. Nc3 Be6 24. Bf1 Rc6 25. Rb1 Qc7 26. Bg2 Rc4 27. Bf1 Rc6 28. Bg2 Rc4 29. Bf1 1/2-1/2

[Event "HUN-chT2 Breyer 1415"]
[Site "Hungary"]
[Date "2015.03.01"]
[Round "?"]
[White "Simon, Lili"]
[Black "Toth, Balazs"]
[Result "1/2-1/2"]
[WhiteElo "2005"]
[BlackElo "1905"]
[PlyCount "53"]
[EventDate "2014.09.07"]
[EventType "team-tourn"]
[EventRounds "11"]
[EventCountry "HUN"]
[SourceTitle "EXT 2016"]
[Source "ChessBase"]
[SourceDate "2015.10.08"]
[SourceVersion "1"]
[SourceVersionDate "2015.10.08"]
[SourceQuality "1"]
[WhiteTeam "Hobagoly"]
[BlackTeam "Gyor UDSE"]
[WhiteTeamCountry "HUN"]
[BlackTeamCountry "HUN"]

1. c4 e6 2. g3 d5 3. Bg2 Nf6 4. Nf3 Bd6 5. d4 c5 6. 0-0 Nc6 7. cxd5 exd5 8. Nc3 0-0 9. dxc5 Bxc5 10. Na4 Be7 11. Be3 Ne4 12. Rc1 Qa5 13. a3 Be6 14. Nd4 Nxd4 15. Bxd4 b6 16. Nc3 Nxc3 17. Rxc3 Rac8 18. Qd3 Rxc3 19. Bxc3 Qc5 20. Bb4 Qc7 21. Bxe7 Qxe7 22. Rc1 Rd8 23. Qd4 h6 24. h4 Qd6 25. Rc3 Qd7 26. Kh2 f6 27. Bf3 1/2-1/2

[Event "World ol U16"]
[Site "Gyor"]
[Date "2014.12.21"]
[Round "10.2"]
[White "Song, Terry"]
[Black "Simon, Lili"]
[Result "1/2-1/2"]
[WhiteElo "2004"]
[BlackElo "1901"]
[PlyCount "178"]
[EventDate "2014.12.13"]
[EventType "team-swiss"]
[EventRounds "10"]
[EventCountry "HUN"]
[SourceTitle "EXT 2016"]
[Source "ChessBase"]
[SourceDate "2015.10.08"]
[SourceVersion "1"]
[SourceVersionDate "2015.10.08"]
[SourceQuality "1"]
[WhiteTeam "Canada III"]
[BlackTeam "Hungary Girls"]
[WhiteTeamCountry "CAN"]
[BlackTeamCountry "HUN"]

1. e4 e5 2. Nf3 Nc6 3. Bc4 Bc5 4. c3 Nf6 5. d3 d6 6. Bb3 a6 7. h3 Ba7 8. Nbd2 Ne7 9. Nf1 0-0 10. Ne3 Ng6 11. g3 c6 12. Nf5 d5 13. Qe2 Bxf5 14. exf5 Ne7 15. Nxe5 Nxf5 16. g4 Nd6 17. d4 Nfe4 18. Be3 Qc7 19. 0-0-0 b5 20. Qd3 Nc4 21. Bxc4 bxc4 22. Nxc4 dxc4 23. Qxe4 Qa5 24. a3 Qb5 25. Bf4 Bb8 26. Rhe1 Bxf4+ 27. Qxf4 Rab8 28. Rd2 Rb7 29. Re5 Qb3 30. Rde2 Qa2 31. Qe4 g6 32. Qb1 Qb3 33. Qc2 Qa2 34. Qb1 Qb3 35. Re8 Rxe8 36. Rxe8+ Kg7 37. Qc2 Qa2 38. g5 Rb5 39. Re5 Rd5 40. h4 h6 41. gxh6+ Kxh6 42. Qd2+ Kg7 43. h5 Qa1+ 44. Kc2 Rxe5 45. dxe5 Qh1 46. hxg6 Qe4+ 47. Kc1 Qh1+ 48. Kc2 Qe4+ 49. Kc1 Qh1+ 50. Kc2 Qe4+ 51. Kd1 Qb1+ 52. Ke2 Qe4+ 53. Qe3 Qc2+ 54. Kf3 Qf5+ 55. Qf4 Qh3+ 56. Qg3 Qh1+ 57. Qg2 Qh5+ 58. Qg4 Qh1+ 59. Ke2 fxg6 60. Qxc4 Qh5+ 61. Kd2 Qf3 62. Qe2 Qd5+ 63. Kc2 Kf7 64. e6+ Ke7 65. Qe3 a5 66. a4 Qf5+ 67. Kc1 g5 68. f3 Qd5 69. Qe4 Qc5 70. Kb1 Qg1+ 71. Ka2 Qc5 72. Kb3 Qb6+ 73. Ka2 Qc5 74. Qg6 Qc4+ 75. b3 Qxc3 76. Qxg5+ Kxe6 77. Qg4+ Kd6 78. Qf4+ Kd7 79. Qf7+ Kd6 80. Qg6+ Kd7 81. Qf5+ Kd6 82. Qf4+ Kd7 83. Qf7+ Kd6 84. Kb1 Qe1+ 85. Kc2 Qe2+ 86. Kc3 Qe3+ 87. Kc2 Qe2+ 88. Kc3 Qe3+ 89. Kc4 Qe2+ 1/2-1/2

[Event "HUN-ch U14"]
[Site "Balatonlelle"]
[Date "2014.06.24"]
[Round "5"]
[White "Simon, Lili"]
[Black "Bohus, Adam"]
[Result "0-1"]
[WhiteElo "1919"]
[BlackElo "2029"]
[PlyCount "102"]
[EventDate "2014.06.20"]
[EventType "swiss"]
[EventRounds "9"]
[EventCountry "HUN"]
[SourceTitle "EXT 2024"]
[Source "ChessBase"]
[SourceDate "2023.10.10"]
[SourceVersion "1"]
[SourceVersionDate "2023.10.10"]
[SourceQuality "1"]

1. c4 e5 2. g3 Nc6 3. Nc3 g6 4. Bg2 Bg7 5. e4 d6 6. d3 Nge7 7. Nge2 0-0 8. 0-0 Be6 9. Be3 f5 10. Qd2 Qd7 11. Nd5 Rf7 12. Rac1 Raf8 13. b4 Nd8 14. Bg5 Nc8 15. f3 c6 16. Ndc3 Ne7 17. b5 d5 18. bxc6 bxc6 19. cxd5 cxd5 20. Qc2 d4 21. Na4 Nb7 22. Nc5 Nxc5 23. Qxc5 Rc8 24. Qa3 Nc6 25. Rb1 Bf8 26. Qa4 fxe4 27. fxe4 Rxf1+ 28. Rxf1 Nb4 29. Qxd7 Bxd7 30. Nc1 Rc2 31. a3 Na6 32. Rf2 Rxf2 33. Kxf2 Bxa3 34. Nb3 Bb5 35. Bf1 Bd6 36. Bd8 Nb4 37. Nc1 Kf7 38. g4 h6 39. g5 Nc6 40. Bf6 a5 41. Be2 hxg5 42. Bxg5 Nb4 43. Bd2 a4 44. Bxb4 Bxb4 45. Na2 Bc3 46. h4 a3 47. h5 gxh5 48. Bxh5+ Kf6 49. Ke2 Ba4 50. Nc1 Bc2 51. Be8 Bb1 0-1

[Event "HUN-chT2 Maroczy 1314"]
[Site "Hungary"]
[Date "2014.03.23"]
[Round "9"]
[White "Terbe, Julianna"]
[Black "Simon, Lili"]
[Result "1/2-1/2"]
[WhiteElo "2017"]
[BlackElo "1906"]
[PlyCount "132"]
[EventDate "2013.09.08"]
[EventType "team-tourn"]
[EventRounds "11"]
[EventCountry "HUN"]
[SourceTitle "EXT 2016"]
[Source "ChessBase"]
[SourceDate "2015.10.08"]
[SourceVersion "1"]
[SourceVersionDate "2015.10.08"]
[SourceQuality "1"]
[WhiteTeam "Szigetszentmiklos"]
[BlackTeam "Lila Futo"]
[WhiteTeamCountry "HUN"]
[BlackTeamCountry "HUN"]

1. Nf3 d5 2. g3 Nf6 3. Bg2 c6 4. 0-0 Bg4 5. d4 Nbd7 6. Nbd2 e6 7. Re1 Be7 8. e4 dxe4 9. Nxe4 0-0 10. c3 Nxe4 11. Rxe4 Bf5 12. Re1 Bf6 13. Bf4 Qb6 14. Qb3 Rfe8 15. Ne5 Qxb3 16. axb3 Bxe5 17. dxe5 Nc5 18. Be3 Nd3 19. Red1 Nxe5 20. f4 Ng4 21. Bxa7 Nf6 22. Ra3 h5 23. Bd4 Rxa3 24. bxa3 Rd8 25. Bf3 Bg4 26. Bxg4 hxg4 27. Re1 Nd5 28. Kf2 c5 29. Bxc5 Nxc3 30. Bb4 Rd3 31. Bxc3 Rxc3 32. Re3 Rc2+ 33. Re2 Rc1 34. Rd2 Rb1 35. b4 Rb3 36. Rd8+ Kh7 37. Rd7 Rxa3 38. Rxf7 Ra2+ 39. Kg1 Ra1+ 40. Kf2 Ra2+ 41. Ke3 Rxh2 42. f5 exf5 43. Rxf5 Rb2 44. Rb5 Rb3+ 45. Kf4 Rf3+ 46. Kxg4 Rf7 47. Kg5 Rd7 48. g4 Re7 49. Rb6 Re5+ 50. Kh4 Re7 51. Kh5 Rd7 52. g5 Kg8 53. g6 Kf8 54. Kg5 Ke7 55. Kf5 Rd5+ 56. Ke4 Rd7 57. Ke5 Rc7 58. Kd5 Rd7+ 59. Kc5 Rc7+ 60. Kb5 Rd7 61. Ka5 Rc7 62. Kb5 Kd7 63. Ka5 Ke7 64. Ka4 Rd7 65. Ka3 Rd3+ 66. Ka4 Rd7 1/2-1/2

[Event "Budapest Spring op 30th"]
[Site "Budapest"]
[Date "2014.03.17"]
[Round "4"]
[White "Szabo, Miklos Istvan"]
[Black "Simon, Lili"]
[Result "0-1"]
[WhiteElo "1332"]
[BlackElo "1936"]
[PlyCount "140"]
[EventDate "2014.03.14"]
[EventType "swiss"]
[EventRounds "9"]
[EventCountry "HUN"]
[SourceTitle "CBM 159 Extra"]
[Source "ChessBase"]
[SourceDate "2014.04.24"]
[SourceVersion "1"]
[SourceVersionDate "2014.04.24"]
[SourceQuality "1"]

1. Nf3 d5 2. g3 Nf6 3. Bg2 c6 4. d4 Bg4 5. Nbd2 Nbd7 6. h3 Bh5 7. 0-0 e6 8. Re1 Bd6 9. e4 dxe4 10. Nxe4 Nxe4 11. Rxe4 0-0 12. Bf4 Bxf4 13. Rxf4 Qc7 14. Qd3 Bg6 15. Qe2 h6 16. Ne5 Nxe5 17. dxe5 Rad8 18. Rd1 Rxd1+ 19. Qxd1 Qxe5 20. c3 Qg5 21. Rd4 c5 22. Rd7 b6 23. Rxa7 c4 24. a4 Bd3 25. Rd7 Qf5 26. Ra7 Rc8 27. Ra8 Rxa8 28. Bxa8 Qxh3 29. Bg2 Qf5 30. Qd2 Kh7 31. Qe3 Bc2 32. Kh2 Qh5+ 33. Kg1 Bxa4 34. Qe4+ g6 35. Qxc4 Qd1+ 36. Kh2 Qd7 37. Qa6 Qb5 38. Qb7 Kg7 39. b4 Qh5+ 40. Kg1 Qd1+ 41. Kh2 b5 42. Bc6 Qd2 43. Kg2 Qxc3 44. Be8 Qf6 45. Bxb5 Bb3 46. Bc6 Bc4 47. b5 Qa1 48. Kh3 Qf1+ 49. Bg2 Qe2 50. Kh2 Bxb5 51. Qc7 Qh5+ 52. Kg1 Qd1+ 53. Kh2 Qd4 54. Qc2 h5 55. Be4 Ba4 56. Qe2 Bb3 57. Kg2 Bd5 58. Bxd5 exd5 59. Qc2 Qe4+ 60. Qxe4 dxe4 61. Kf1 f5 62. Ke2 Kf6 63. f4 exf3+ 64. Kxf3 Ke5 65. Ke3 g5 66. Kf3 Kd4 67. Ke2 Ke4 68. Kf2 f4 69. Kg2 Ke3 70. Kh3 f3 0-1

[Event "Budapest Spring op 30th"]
[Site "Budapest"]
[Date "2014.03.16"]
[Round "3"]
[White "Simon, Lili"]
[Black "Ongut, Tamas Gunes"]
[Result "1/2-1/2"]
[WhiteElo "1936"]
[BlackElo "1531"]
[PlyCount "92"]
[EventDate "2014.03.14"]
[EventType "swiss"]
[EventRounds "9"]
[EventCountry "HUN"]
[SourceTitle "CBM 159 Extra"]
[Source "ChessBase"]
[SourceDate "2014.04.24"]
[SourceVersion "1"]
[SourceVersionDate "2014.04.24"]
[SourceQuality "1"]

1. Nf3 Nf6 2. g3 g6 3. Bg2 Bg7 4. 0-0 0-0 5. d4 d5 6. c4 c6 7. Qb3 e6 8. Nc3 Nbd7 9. Bf4 Qb6 10. c5 Qxb3 11. axb3 b6 12. Bd6 Re8 13. b4 b5 14. Rfe1 Bb7 15. Ne5 a6 16. e4 Bf8 17. Bxf8 Kxf8 18. exd5 exd5 19. f4 Rac8 20. Re2 Nxe5 21. fxe5 Nh5 22. Bh3 Rc7 23. Rf1 Kg8 24. e6 fxe6 25. Rxe6 Rxe6 26. Bxe6+ Kg7 27. Bg4 Nf6 28. Bf3 Re7 29. Kf2 Bc8 30. Re1 Kf7 31. Rxe7+ Kxe7 32. Ke3 g5 33. Na2 Bf5 34. Nc1 h6 35. Nb3 Kd7 36. Na5 Kc7 37. Nb3 Kd7 38. Nd2 Ke6 39. Nb3 Kd7 40. Nd2 Ke6 41. h4 g4 42. Bg2 Nh5 43. Nf1 Nf6 44. Nd2 Bc2 45. Kf4 Bd1 46. Ke3 Bc2 1/2-1/2

[Event "HUN-chT2 Maroczy 1314"]
[Site "Hungary"]
[Date "2013.08.22"]
[Round "2"]
[White "Simon, Lili"]
[Black "Borbely, Zsombor"]
[Result "1-0"]
[WhiteElo "1906"]
[BlackElo "1600"]
[PlyCount "71"]
[EventDate "2013.09.08"]
[EventType "team-tourn"]
[EventRounds "11"]
[EventCountry "HUN"]
[SourceTitle "EXT 2016"]
[Source "ChessBase"]
[SourceDate "2015.10.08"]
[SourceVersion "1"]
[SourceVersionDate "2015.10.08"]
[SourceQuality "1"]
[WhiteTeam "Lila Futo"]
[BlackTeam "Debrecen SBK"]
[WhiteTeamCountry "HUN"]
[BlackTeamCountry "HUN"]

1. c4 Nf6 2. g3 g6 3. Bg2 Bg7 4. Nc3 0-0 5. e4 Nc6 6. Nge2 d6 7. d3 Bg4 8. f3 Bc8 9. 0-0 e6 10. d4 d5 11. cxd5 exd5 12. e5 Ne8 13. f4 Ne7 14. b4 c6 15. a4 a6 16. Qd2 Be6 17. h3 h5 18. Kh2 Qd7 19. Bb2 Nc7 20. Nc1 a5 21. bxa5 Rxa5 22. Nb3 Raa8 23. Nc5 Qc8 24. a5 Na6 25. Ba3 Qc7 26. N3a4 Rfe8 27. Nb6 Rab8 28. Nxe6 fxe6 29. Bd6 Qd8 30. Bxb8 Qxb8 31. Rfc1 Kf7 32. Rab1 Nc7 33. Nd7 Qc8 34. Nc5 Nf5 35. Nxb7 Nb5 36. Rxb5 1-0

[Event "HUN-ch U14 Girls"]
[Site "Balatonlelle"]
[Date "2013.06.25"]
[Round "5"]
[White "Simon, Lili"]
[Black "Kurcsics, Erika"]
[Result "0-1"]
[WhiteElo "1853"]
[BlackElo "1743"]
[PlyCount "163"]
[EventDate "2013.??.??"]
[EventType "tourn"]
[EventRounds "9"]
[EventCountry "HUN"]
[SourceTitle "EXT 2014"]
[Source "ChessBase"]
[SourceDate "2013.11.20"]
[SourceVersion "1"]
[SourceVersionDate "2013.11.20"]
[SourceQuality "1"]

1. c4 c5 2. g3 g6 3. Bg2 Bg7 4. Nc3 Nc6 5. Nf3 Nf6 6. d4 cxd4 7. Nxd4 Nxd4 8. Qxd4 d6 9. 0-0 0-0 10. Qd3 Bf5 11. e4 Be6 12. b3 Qc8 13. Rd1 Nd7 14. Bf4 Ne5 15. Bxe5 Bxe5 16. Rac1 Bxc3 17. Rxc3 Rd8 18. Qe3 Qc5 19. Qxc5 dxc5 20. Rcd3 Rxd3 21. Rxd3 Rb8 22. a4 f6 23. f4 Kf8 24. e5 Bf5 25. Rd2 b6 26. Bc6 Rc8 27. Bb5 fxe5 28. fxe5 Kf7 29. Kf2 Rc7 30. Ke3 g5 31. h4 Ke6 32. hxg5 Kxe5 33. Rd5+ Ke6 34. Kf4 Bg6 35. Re5+ Kf7 36. Re2 Rc8 37. Rd2 Rc7 38. Ke5 Kg7 39. Rf2 Bf7 40. Rd2 Kg6 41. Kf4 Kg7 42. a5 Bg6 43. axb6 axb6 44. Ra2 Rb7 45. Ra6 Bc2 46. Ba4 Kg6 47. Be8+ Kg7 48. Bc6 Rb8 49. Ba4 Kg6 50. Ra7 e5+ 51. Kxe5 Kxg5 52. Rg7+ Kh6 53. Rf7 Bg6 54. Rf4 Kg7 55. Rf6 Be8 56. Bc6 h5 57. Re6 Bg6 58. Re7+ Kh6 59. Bb5 Bc2 60. Ba4 Kg5 61. Rg7+ Kh6 62. Rf7 Kg5 63. Rf2 Bd1 64. Rd2 Bf3 65. Rd6 Kg4 66. Rg6+ Kh3 67. Bd7+ Bg4 68. Bxg4+ hxg4 69. Kf4 Rf8+ 70. Ke4 Kxg3 71. Rxb6 Kf2 72. Ra6 g3 73. Ra2+ Kg1 74. Ra1+ Kh2 75. Ra7 g2 76. Rh7+ Kg3 77. Rg7+ Kf2 78. Kd5 Rf5+ 79. Ke4 Rf3 80. Kd5 Rg3 81. Rf7+ Ke2 82. Rf6 0-1